| 000 | 01419nam a22002537a 4500 | ||
|---|---|---|---|
| 999 |
_c102699 _d102699 |
||
| 005 | 20191114115638.0 | ||
| 010 | _a161708HN B-663153-172 HIN-108648 B-730901 | ||
| 020 |
_a9789352210978 _c600.00 |
||
| 035 | _aHN-80994 | ||
| 035 | _aB-663153-172 | ||
| 035 | _aB-730901 | ||
| 037 | _bPancy | ||
| 037 | _bडी.बी.ए.डी./ उपहार | ||
| 082 | _a954.13 | ||
| 100 | _aउपाध्याय, रामबिहारी | ||
| 245 |
_aप्राचीन अयोध्या का राजनैतिक एवं सांस्कृतिक अध्ययन / _cरामबिहारी उपाध्याय |
||
| 250 | _a2रा संस्क | ||
| 260 |
_aइलाहाबाद _bलोक भारती प्रकाशन _c2017 |
||
| 270 |
_aदरबारी बिल्डिंग,महात्मा गांधी मार्ग _bइलाहाबाद. _e211001 |
||
| 300 |
_a288पृ. _c22सें.मी.(सजिल्द) |
||
| 942 |
_2ddc _cHN _mउपाध्या _h954.13 |
||